Židovská válka ; Vítězství /

Dvě prózy polského židovského prozaika a básníka, jehož tvorbu ovlivnila životní katastrofa v podobě vyhlazení prakticky celé rodiny během druhé světové války.

Hlavní autor: Grynberg, Henryk, 1936-
Další autoři: Hostovská, Olga, 1936-
Jazyk: Čeština
Vydáno: Praha : Aurora, 1996
Vydání: Vyd. 1.
Edice: Edice světových autorů (Aurora)
Témata:
Externí odkaz: Digitalizovaný dokument
Fyzický popis: 199 s. ; 19 cm
Knihy
Uloženo v:
LEADER 02116nam a2200541 a 4500
001 000089152
003 CZ BrMZK
005 20220211161651.0
007 ta
008 010907s1996 xr g facze d
015 |a cnb000166587 
020 |a 80-85974-23-1 
035 |a (OCoLC)38296983 
040 |a BOA001  |b cze 
043 |a e-pl--- 
045 |a x3x4 
072 7 |a 821.162.1  |x Polská literatura  |2 Konspekt  |9 25 
072 7 |a 929  |x Biografie  |2 Konspekt  |9 8 
080 |a 821.162.1-31  |2 MRF 
080 |a (=411.16)  |2 MRF 
080 |a 323.28  |2 MRF 
080 |a 323.12"1939/1945"  |2 MRF 
080 |a 929  |2 MRF 
080 |a (438)  |2 MRF 
080 |a (0:82-312.6)  |2 MRF 
100 1 |a Grynberg, Henryk,  |d 1936-  |7 jn20000602684  |4 aut 
245 1 0 |a Židovská válka ;  |b Vítězství /  |c Henryk Grynberg ; [z polštiny přeložila Olga Hostovská ; doslov napsala Dana Vítková] 
250 |a Vyd. 1. 
260 |a Praha :  |b Aurora,  |c 1996 
300 |a 199 s. ;  |c 19 cm 
490 1 |a Edice světových autorů ;  |v sv.11 
520 |a Dvě prózy polského židovského prozaika a básníka, jehož tvorbu ovlivnila životní katastrofa v podobě vyhlazení prakticky celé rodiny během druhé světové války. 
600 1 7 |a Grynberg, Henryk,  |d 1936-  |7 jn20000602684  |2 czenas 
648 7 |a 1939-1945  |7 ch460653  |2 czenas 
650 0 7 |a Židé  |7 ph127782  |z Polsko  |y 1939-1945  |2 czenas 
650 0 7 |a Židé  |7 ph127782  |x perzekuce  |y 1939-1945  |2 czenas 
650 0 7 |a holocaust (1939-1945)  |7 ph117203  |z Polsko  |2 czenas 
655 7 |a polské romány  |7 fd133084  |2 czenas 
655 7 |a autobiografické romány  |7 fd131852  |2 czenas 
700 1 |a Hostovská, Olga,  |d 1936-  |7 jk01042402  |4 trl 
740 0 2 |a Vítězství 
765 0 |t Zydowska wojna  |9 Česky 
765 0 |t Zwyciestwo  |9 Česky 
830 0 |a Edice světových autorů (Aurora)  |0 s 
856 4 1 |u http://www.digitalniknihovna.cz/mzk/uuid/uuid:5a159860-d5d2-11e3-b110-005056827e51  |y Digitalizovaný dokument  |x NDK 
910 |a BOA001  |b 1-1023.471 
990 |a BK 
996 6 |b 2610040177  |c 1-1023.471  |l MZK  |r Sklad / do 1 hodiny  |n 12  |p p.v.  |w 000089152  |u 000010  |a 1  |e BOA001  |j MZK50  |s P